Todos los países de África - Estadísticas

Estadísticas generales
  • Esta prueba ha sido intentada 61 veces
  • La puntuación promedio es 28 de 54
Respuestas en el mapa
Las respuestas están codificadas por una escala verde-roja en el mapa de la prueba según el % correcto abajo.
 
Estadísticas de respuestas
Respuesta % Correcto
Angola
83%
Argelia
69%
Egipto
62%
Madagascar
62%
Costa de Marfil
59%
Marruecos
59%
Túnez
59%
Benín
55%
Botsuana
55%
Burkina Faso
55%
Cabo Verde
55%
Chad
55%
Comoras
55%
Libia
55%
Ruanda
55%
Santo Tomé y Príncipe
55%
Senegal
55%
Camerún
52%
Eritrea
52%
Etiopía
52%
Gabón
52%
Ghana
52%
Guinea Ecuatorial
52%
Kenia
52%
Malaui
52%
Mozambique
52%
Nigeria
52%
Seychelles
52%
Somalia
52%
Sudáfrica
52%
Togo
52%
Burundi
48%
Gambia
48%
Guinea Bissau
48%
Lesoto
48%
Mali
48%
Mauritania
48%
Namibia
48%
Níger
48%
República Centroafricana
48%
República del Congo
48%
Sudán
48%
Sudán del Sur
48%
Tanzania
48%
Uganda
48%
Yibuti
48%
Zambia
48%
Guinea
45%
Liberia
45%
República Democrática del Congo
45%
Sierra Leona
45%
Suazilandia
45%
Zimbabue
45%
Mauricio
41%
No se encontraron pruebas coincidentes
Distribución de puntuación
Porcentaje de gente con cada puntuación
Porcentaje por número respondido
Historial de tus puntuaciones
No has intentado esta prueba.